[Event "9th Amplico Life Rapid"]
[Site "Warsaw POL"]
[Date "2009.12.20"]
[Round "11"]
[White "Sergeev,Vl"]
[Black "Lind,JO"]
[Result "1-0"]
[WhiteElo "2428"]
[BlackElo "2209"]
[EventDate "2009.12.19"]

1. d4 Nf6 2. Nf3 g6 3. Bg5 Bg7 4. Nbd2 c5 5. e3 b6 6. c3 O-O 7. h3 Bb7 8.
Bd3 d6 9. O-O Nbd7 10. a4 a6 11. Qe2 Qc7 12. e4 e5 13. dxe5 dxe5 14. Rfd1
Rfe8 15. Bc2 Nf8 16. Nc4 Re6 17. Bxf6 Bxf6 18. Bb3 Rd8 19. Rxd8 Qxd8 20.
Rd1 Qc7 21. Ne3 Rd6 22. Bd5 Ne6 23. Qc4 h5 24. h4 Kg7 25. g3 Qd7 26. Ra1
Bxd5 27. Nxd5 b5 28. axb5 axb5 29. Qe2 c4 30. Qe3 Rxd5 31. exd5 Qxd5 32.
Re1 Nc5 33. Nxe5 Na4 34. Re2 Bxe5 35. Qxe5+ Qxe5 36. Rxe5 Nxb2 37. Rxb5 Nd1
38. Rc5 Nxc3 39. Rxc4 Nd5 40. Rc6 Nf6 41. Kg2 Ng4 42. Ra6 Ne5 43. Kf1 Ng4
44. Ke2 Ne5 45. f3 Nd7 46. Ke3 Nf6 47. Kd4 Ng8 48. Ke5 Nh6 49. Kf4 Ng8 50.
Ra7 Nf6 51. Ra5 Ng8 52. g4 hxg4 53. fxg4 Nf6 54. g5 Nd7 55. Ke4 Nf8 56. Ra6
Nd7 57. Kd5 Nf8 58. Rd6 Nh7 59. Kc6 Nf8 60. Kc7 Nh7 61. Kd8 Kf8 62. Rb6 f6
63. Rb7 Kg8 64. Rxh7 fxg5 65. Rh6 1-0

[Event "9th Amplico Life Rapid"]
[Site "Warsaw POL"]
[Date "2009.12.20"]
[Round "11"]
[White "Grafl,F"]
[Black "Weichhold,P"]
[Result "1-0"]
[WhiteElo "2428"]
[BlackElo "2180"]
[EventDate "2009.12.19"]

1. g3 g6 2. Bg2 Bg7 3. d4 Nf6 4. e4 d6 5. Ne2 c5 6. dxc5 Qa5+ 7. Nbc3 Qxc5
8. O-O O-O 9. Be3 Qa5 10. Qd2 Nc6 11. Bh6 Rd8 12. Bxg7 Kxg7 13. Nf4 Ne5 14.
Qd4 Nc6 15. Qe3 Ne5 16. Nfd5 Nxd5 17. Nxd5 Re8 18. b4 Qd8 19. f4 Nc6 20.
Qc3+ f6 21. b5 e6 22. bxc6 exd5 23. exd5 Qb6+ 24. Kh1 Re3 25. Qd2 bxc6 26.
dxc6 Ba6 27. Rfe1 Rae8 28. Rxe3 Rxe3 29. Qxd6 Qa5 30. Rg1 Re1 31. h3 Re3
32. Kh2 h5 33. Qd7+ Kh6 34. Qxa7 Qa3 35. Qa8 Kg7 36. Rd1 1-0

[Event "9th Amplico Life Rapid"]
[Site "Warsaw POL"]
[Date "2009.12.20"]
[Round "11"]
[White "Ruckschloss,K"]
[Black "Akesson,R"]
[Result "1-0"]
[WhiteElo "2249"]
[BlackElo "2454"]
[EventDate "2009.12.19"]

1. c4 f5 2. d4 Nf6 3. Nc3 g6 4. g3 Bg7 5. Bg2 O-O 6. Nh3 d6 7. d5 c6 8. Nf4
Qe8 9. h4 h6 10. Be3 Na6 11. dxc6 bxc6 12. Qa4 Nb8 13. Rd1 e5 14. Nd3 Bb7
15. Qb4 Qe7 16. c5 d5 17. Nxe5 Na6 18. Nxg6 Qf7 19. Qb3 Ng4 20. Nxf8 Nxe3
21. fxe3 Bxf8 22. Na4 Re8 23. O-O Nxc5 24. Nxc5 Bxc5 25. Qc2 Bxe3+ 26. Kh2
Re5 27. Bh3 f4 28. gxf4 Bxf4+ 29. Kh1 c5 30. Rg1+ Kf8 31. Qxc5+ Re7 32.
Rdf1 d4+ 33. Bg2 Qf6 34. Qh5 Re3 35. Qg4 Ke7 36. Rxf4 1-0

[Event "9th Amplico Life Rapid"]
[Site "Warsaw POL"]
[Date "2009.12.20"]
[Round "11"]
[White "Dragun,K"]
[Black "Gajewski,G"]
[Result "0-1"]
[WhiteElo "2284"]
[BlackElo "2561"]
[EventDate "2009.12.19"]

1. e4 c5 2. Nf3 Nc6 3. d4 cxd4 4. Nxd4 Qb6 5. Nb3 e6 6. Nc3 Nf6 7. Qe2 Bb4
8. Bd2 O-O 9. a3 Be7 10. e5 Nd5 11. Nxd5 exd5 12. O-O-O d6 13. exd6 Bxd6
14. Be3 Qc7 15. Nd4 Nxd4 16. Bxd4 Bf5 17. Qd2 Bf4 18. Be3 Be5 19. Bd3 Be6
20. f4 Bf6 21. f5 Bd7 22. g4 Rac8 23. g5 Be5 24. Kb1 Rfe8 25. h4 Bxb2 26.
Kxb2 Qe5+ 27. c3 Qxe3 28. Qxe3 Rxe3 29. Rhe1 Rce8 30. Rxe3 Rxe3 31. Bc2 Re5
32. Rf1 f6 33. Kb3 Kf7 34. Kb4 b6 35. Rf4 Ke7 36. c4 dxc4 37. Kxc4 Rc5+ 38.
Kb3 Kd6 39. Rf2 Bc6 40. Kb2 a5 41. h5 h6 42. gxh6 gxh6 43. Rf4 Ke5 44. Rg4
Bf3 45. Rg3 Bxh5 46. Re3+ Kf4 47. Re6 Kg5 48. Rxb6 Bg4 49. a4 Bxf5 50. Bb3
Be4 51. Rb8 h5 52. Rg8+ Kf4 53. Be6 Bd5 0-1

[Event "9th Amplico Life Rapid"]
[Site "Warsaw POL"]
[Date "2009.12.20"]
[Round "11"]
[White "Rutkowski,M"]
[Black "Plichta,K"]
[Result "1-0"]
[WhiteElo "2405"]
[BlackElo "2156"]
[EventDate "2009.12.19"]

1. d4 Nf6 2. Nf3 g6 3. c4 Bg7 4. g3 O-O 5. Bg2 d6 6. Nc3 Nc6 7. O-O Bf5 8.
b3 Ne4 9. Bb2 e5 10. dxe5 dxe5 11. Nd5 Re8 12. Nh4 Nc5 13. Nxf5 gxf5 14. b4
Ne6 15. e3 Ne7 16. Qc2 c6 17. Nxe7+ Qxe7 18. Qxf5 Qxb4 19. Qc2 Rad8 20.
Rad1 Nc5 21. Ba1 Qa4 22. Qe2 Qa5 23. Bh3 Qc7 24. Bf5 Qe7 25. h4 h6 26. Qg4
Rxd1 27. Rxd1 Rd8 28. Bc2 Rxd1+ 29. Qxd1 Qd7 30. Qe1 Nd3 31. Bc3 Qd6 32.
Qe2 Nc5 33. Qg4 Qe6 34. Bf5 Qd6 35. Bb4 b6 36. Bc2 Qe6 37. Bf5 Qd6 38. Bc2
Qe6 39. Bf5 Qd6 40. Be4 Qe6 41. Qxe6 fxe6 42. Bxc6 Kf7 43. Bxc5 bxc5 44.
Kg2 Kf6 45. Kf3 Bf8 46. Kg4 Bg7 47. Be4 Kf7 48. Bb1 Kf6 49. Bc2 Kf7 50. Kf3
Kf6 51. Ke4 Bf8 52. Ba4 Be7 53. Bd7 Bf8 54. Bc8 Bd6 55. g4 Bc7 56. f4 exf4
57. exf4 Bd6 58. g5+ hxg5 59. fxg5+ Kf7 60. Kf3 Be5 61. Bb7 Bc3 62. Kg4 Bd4
63. h5 Bc3 64. Be4 a5 65. a4 Bd2 66. h6 Bc1 67. Kh5 Bb2 68. g6+ Kf6 69. g7
Kf7 70. Bh7 Bxg7 71. hxg7 Kxg7 72. Kg5 1-0

[Event "9th Amplico Life Rapid"]
[Site "Warsaw POL"]
[Date "2009.12.20"]
[Round "11"]
[White "Bakalarz,L"]
[Black "Kanarek,M"]
[Result "1-0"]
[WhiteElo "2137"]
[BlackElo "2405"]
[EventDate "2009.12.19"]

1. e4 c5 2. Nf3 d6 3. d4 Nf6 4. Nc3 cxd4 5. Nxd4 g6 6. Be3 Bg7 7. f3 O-O 8.
Qd2 Nc6 9. O-O-O d5 10. exd5 Nxd5 11. Nxc6 bxc6 12. Nxd5 cxd5 13. Qxd5 Qc7
14. Qc5 Qb7 15. Qa3 Rb8 16. b3 Bf5 17. Bd3 Rfc8 18. Bxf5 gxf5 19. Rd3 Qc6
20. c4 Qf6 21. Rhd1 a5 22. f4 Qh6 23. Qxa5 Qxh2 24. Rd8+ Bf8 25. Rxc8 Rxc8
26. Qxf5 Ra8 27. a4 Bg7 28. Qh3 Qxh3 29. gxh3 e5 30. fxe5 Bxe5 31. Bd4 Bf4+
32. Kc2 Kf8 33. Bb6 Ke7 34. a5 Ke6 35. b4 f5 36. b5 Bg3 37. a6 f4 38. Bc7
h5 39. Rd4 Rf8 40. b6 h4 41. Bxf4 Bxf4 42. Rxf4 Rxf4 43. a7 Rxc4+ 44. Kb3
Rc6 45. a8=Q Rxb6+ 46. Kc4 Rb2 47. Qe4+ Kf7 48. Qf5+ Kg8 49. Qg6+ 1-0

[Event "9th Amplico Life Rapid"]
[Site "Warsaw POL"]
[Date "2009.12.20"]
[Round "11"]
[White "Swiercz,D"]
[Black "Kolosowski,M"]
[Result "1-0"]
[WhiteElo "2493"]
[BlackElo "2273"]
[EventDate "2009.12.19"]

1. d4 Nf6 2. c4 g6 3. Nf3 Bg7 4. g3 d5 5. Bg2 dxc4 6. O-O c6 7. a4 O-O 8.
Nc3 Na6 9. Ne5 Be6 10. e4 Qc8 11. Qe2 Rd8 12. Be3 Ng4 13. Nxg4 Bxg4 14.
Qxc4 Be6 15. d5 cxd5 16. Qxc8 Raxc8 17. exd5 Bf5 18. Bxa7 Bxc3 19. bxc3
Rxc3 20. Rfe1 Kf8 21. Bb6 Rd6 22. Bd4 Rc4 23. Be5 Rd7 24. Rac1 Rxc1 25.
Rxc1 f6 26. Bf4 g5 27. Be3 Nb4 28. Rc5 e6 29. g4 Bxg4 30. Rc4 Nxd5 31. Bxd5
h5 32. Rc8+ Kg7 33. Bb3 Bf3 34. Rc1 Rd6 35. Kf1 Kg6 36. Ke1 f5 37. Bd1 Bc6
38. a5 f4 39. Bc5 Rd5 40. Bb3 Re5+ 41. Kd2 Bb5 42. Bb6 g4 43. Rc7 Ba6 44.
Bc2+ Kg5 45. Rf7 Rd5+ 46. Kc3 e5 47. Rf8 Kh4 48. Rh8 e4 49. Bxe4 Re5 50.
Bg2 Kg5 51. Kd4 f3 52. Kxe5 fxg2 53. f3 gxf3 54. Rg8+ Kh4 55. Rg3 1-0

[Event "9th Amplico Life Rapid"]
[Site "Warsaw POL"]
[Date "2009.12.20"]
[Round "11"]
[White "Zhigalko,A"]
[Black "Matuszewski,M"]
[Result "1-0"]
[WhiteElo "2600"]
[BlackElo "2299"]
[EventDate "2009.12.19"]

1. e4 c5 2. Nf3 d6 3. d4 cxd4 4. Nxd4 Nf6 5. Nc3 a6 6. Bg5 e6 7. f4 Be7 8.
Qf3 Nbd7 9. Bc4 Nc5 10. a4 Qc7 11. Ba2 b6 12. b4 Nb7 13. O-O h6 14. Qh3 Nd8
15. f5 e5 16. Bxf6 Bxf6 17. Nd5 Qa7 18. Ne2 Bg5 19. Rf3 Nc6 20. Rg3 Rf8 21.
Qh5 Ne7 22. Nec3 g6 23. Qd1 gxf5 24. Rxg5 Nxd5 25. Bxd5 hxg5 26. Bxa8 Qxa8
27. Qxd6 Be6 28. exf5 Bxf5 29. Nd5 1-0

[Event "9th Amplico Life Rapid"]
[Site "Warsaw POL"]
[Date "2009.12.20"]
[Round "11"]
[White "Mickiewicz,P"]
[Black "Llaneza Vega,M"]
[Result "0-1"]
[WhiteElo "2276"]
[BlackElo "2514"]
[EventDate "2009.12.19"]

1. e4 c5 2. Nf3 e6 3. g3 Nc6 4. Bg2 Nf6 5. d3 d5 6. Nbd2 g6 7. O-O Bg7 8.
c3 b6 9. exd5 Nxd5 10. a4 O-O 11. Nc4 Ba6 12. Re1 Qc7 13. h4 Rad8 14. Qe2
Na5 15. Nxa5 bxa5 16. Bg5 Rd7 17. Rad1 Qb8 18. Ne5 Bxe5 19. Qxe5 Qxe5 20.
Rxe5 Rb8 21. Bc1 c4 22. dxc4 Bxc4 23. Rd4 Bb3 24. Bf1 Rc7 25. Rexd5 Bxd5
26. Bf4 Rcb7 27. Bxb8 Rxb8 28. f4 Bb3 29. Rd2 Bxa4 30. Kf2 Kf8 31. Ke3 Ke7
32. c4 Bc6 33. Bd3 h5 34. Kd4 Kd6 35. Kc3 Kc5 36. Bc2 a4 37. Re2 Rd8 38.
Re5+ Kb6 39. Re1 Rc8 40. Kd4 Ka5 41. Kc3 Kb6 42. Kb4 Bb5 43. Bd3 a5+ 44.
Kc3 Ba6 45. Ra1 Bb5 46. Kd4 Bc6 47. Re1 Kc7 48. Bc2 Rb8 49. Kc3 Rb4 50. Re5
Kb6 51. Re1 Bg2 52. Ra1 Bc6 53. Rd1 Kc5 54. Bd3 Rb3+ 55. Kc2 Kb4 56. Ra1
Bb7 57. c5 Bc6 58. Re1 Kxc5 59. Rd1 Bd5 60. Ra1 Kb4 61. Rd1 a3 62. bxa3+
Kxa3 63. Kd2 Kb4 64. Rc1 a4 65. Rc7 a3 66. Ra7 a2 67. Ra6 Rxd3+ 68. Kxd3
Bc4+ 0-1

[Event "9th Amplico Life Rapid"]
[Site "Warsaw POL"]
[Date "2009.12.20"]
[Round "11"]
[White "Przezdziecka,M"]
[Black "Malisauskas,V"]
[Result "1/2-1/2"]
[WhiteElo "2250"]
[BlackElo "2483"]
[EventDate "2009.12.19"]

1. d4 Nf6 2. Nf3 g6 3. g3 Bg7 4. Bg2 O-O 5. O-O d6 6. a4 Na6 7. Nc3 c5 8.
e4 Bg4 9. h3 Bxf3 10. Bxf3 cxd4 11. Qxd4 Qa5 12. Qd1 Nb4 13. Nb5 Nc6 14. c3
a6 15. Nd4 Nxd4 16. cxd4 e5 17. d5 Qb4 18. Bd2 Qxb2 19. Rb1 Qd4 20. Be3
Qxd1 21. Rfxd1 b5 22. axb5 axb5 23. Rxb5 Ra4 24. Rb6 Rd8 25. Bg5 h6 26.
Bxf6 Bxf6 27. Rc1 Ra7 28. Kg2 h5 29. h4 Bg7 30. Rcb1 Bf8 31. Rb7 Rxb7 32.
Rxb7 Kg7 33. g4 hxg4 34. Bxg4 Kf6 35. Rc7 Be7 36. Rc8 1/2-1/2

[Event "9th Amplico Life Rapid"]
[Site "Warsaw POL"]
[Date "2009.12.20"]
[Round "11"]
[White "Zherebukh,Y"]
[Black "Manik,M"]
[Result "1-0"]
[WhiteElo "2527"]
[BlackElo "2435"]
[EventDate "2009.12.19"]

1. d4 Nf6 2. c4 e6 3. Nc3 Bb4 4. e3 O-O 5. Nge2 b6 6. a3 Bxc3+ 7. Nxc3 Bb7
8. Bd3 d5 9. cxd5 Nxd5 10. O-O Nxc3 11. bxc3 c5 12. Bc2 Nc6 13. a4 Na5 14.
e4 cxd4 15. cxd4 Rc8 16. Re1 Qc7 17. Bb1 Nb3 18. Qxb3 Qxc1 19. Ba2 Qc3 20.
d5 Qxb3 21. Bxb3 exd5 22. exd5 Rfd8 23. Rad1 Kf8 24. d6 Rd7 25. Re3 g6 26.
f3 Rc6 27. Red3 Ba6 28. Rd4 Rc3 29. Ba2 Ra3 30. R1d2 Rc3 31. Kf2 Bb7 32.
Rf4 Rc6 33. Rxf7+ Rxf7 34. Bxf7 Rc8 35. Ba2 Rd8 36. Ke3 Bc6 37. Bb3 Ke8 38.
Kf4 Kd7 39. Kg5 Re8 40. Kh6 Re3 41. Bc2 Ra3 42. Kxh7 Bxa4 43. Bxg6 Bc6 44.
Bf5+ Kd8 45. Kg6 b5 46. h4 b4 47. h5 Be8+ 48. Kf6 Bxh5 49. Rc2 Rc3 50. Rxc3
bxc3 51. Ke5 Be8 52. Kd4 Bd7 53. Bc2 Bc6 54. Kc5 Bb7 55. Ba4 Ba6 56. Kb4
Bf1 57. g3 Bg2 58. f4 Bc6 59. Bc2 Kd7 60. Kc5 Bf3 61. f5 a5 62. Ba4+ Kd8
63. f6 Bh5 64. Kd4 Be8 65. Kxc3 1-0

[Event "9th Amplico Life Rapid"]
[Site "Warsaw POL"]
[Date "2009.12.20"]
[Round "12"]
[White "Shirov,A"]
[Black "Markowski,T"]
[Result "1-0"]
[WhiteElo "2719"]
[BlackElo "2629"]
[EventDate "2009.12.19"]

1. e4 d6 2. d4 Nf6 3. Nc3 g6 4. f4 Bg7 5. Nf3 c5 6. Bb5+ Bd7 7. e5 Ng4 8.
Bxd7+ Qxd7 9. h3 cxd4 10. Qxd4 Nc6 11. Qe4 Nh6 12. Be3 dxe5 13. fxe5 O-O-O
14. O-O Qe6 15. Rad1 Nf5 16. Bf4 Rxd1 17. Rxd1 Rd8 18. Rxd8+ Nxd8 19. g4
Qb6+ 20. Kg2 Nh6 21. Nd5 Qe6 22. Qc4+ Nc6 23. b4 1-0

[Event "9th Amplico Life Rapid"]
[Site "Warsaw POL"]
[Date "2009.12.20"]
[Round "12"]
[White "Urban,K"]
[Black "Bartel,Mat"]
[Result "0-1"]
[WhiteElo "2478"]
[BlackElo "2618"]
[EventDate "2009.12.19"]

1. d4 f5 2. c4 Nf6 3. Nc3 d6 4. g3 g6 5. Bg2 Bg7 6. d5 O-O 7. Nh3 Na6 8.
O-O Nc5 9. Be3 e5 10. dxe6 Nxe6 11. Nf4 c6 12. Rc1 Ng4 13. Bd2 Nxf4 14.
Bxf4 Ne5 15. Qd2 Be6 16. b3 Qc7 17. Rfd1 Rad8 18. Bg5 Rd7 19. Nd5 Bxd5 20.
cxd5 c5 21. a4 Ng4 22. h3 Nf6 23. Qd3 Re7 24. b4 b6 25. bxc5 bxc5 26. Qb5
Rb8 27. Qc6 Qd8 28. Rb1 Rxe2 29. Bf4 Ne8 30. Rxb8 Qxb8 31. Qxc5 Qb3 32. Qc1
Qxa4 33. Bf1 Re7 34. Rd3 Qb4 35. Qc6 Bd4 36. Kg2 Kf7 37. Rd2 Be5 38. Be3
Nf6 39. Bg5 Ne4 40. Bxe7 Qxd2 0-1

[Event "9th Amplico Life Rapid"]
[Site "Warsaw POL"]
[Date "2009.12.20"]
[Round "12"]
[White "Kuzmicz,K"]
[Black "Kuraszkiewicz,M"]
[Result "1/2-1/2"]
[WhiteElo "2417"]
[BlackElo "2299"]
[EventDate "2009.12.19"]

1. e4 e6 2. Nf3 d5 3. Nc3 Nf6 4. e5 Nfd7 5. d4 c5 6. dxc5 Nc6 7. Bf4 Bxc5
8. Bd3 f6 9. exf6 Qxf6 10. Bg3 O-O 11. O-O h6 12. Qe2 Rd8 13. Nb5 Nf8 14.
Ne5 a6 15. Nxc6 bxc6 16. Be5 Qf7 17. Nd4 Bd7 18. c3 Bb6 19. b4 a5 20. a3 c5
21. bxc5 Bxc5 22. a4 Ng6 23. Bxg6 Qxg6 24. Rfd1 Rf8 25. Rd3 Bxd4 26. cxd4
Rf7 27. Rg3 Qf5 28. h3 Rc8 29. Rf3 Qc2 30. Qxc2 Rxc2 31. Rxf7 Kxf7 32. Rb1
g5 33. Rb7 Ke8 34. Ra7 Ra2 35. Rxa5 Rxa4 36. Rc5 Rc4 37. Ra5 Ra4 38. Rc5
Rc4 1/2-1/2

[Event "9th Amplico Life Rapid"]
[Site "Warsaw POL"]
[Date "2009.12.20"]
[Round "12"]
[White "Orzech,D"]
[Black "Sadzikowski,D"]
[Result "1-0"]
[WhiteElo "2411"]
[BlackElo "2287"]
[EventDate "2009.12.19"]

1. Nf3 Nf6 2. c4 e6 3. d4 d5 4. Nc3 Bb4 5. Bg5 Nbd7 6. e3 O-O 7. Bd3 h6 8.
Bh4 Be7 9. O-O c6 10. Rc1 Re8 11. Qe2 a6 12. Rfd1 b5 13. c5 Ng4 14. Bg3 f5
15. b4 Ngf6 16. Ne5 Bb7 17. Ng6 Ne4 18. Bxe4 fxe4 19. a4 Nf8 20. Ne5 Bf6
21. Ra1 Bxe5 22. dxe5 Qg5 23. h4 Qf5 24. Qb2 Ng6 25. Ne2 Qg4 26. Nd4 bxa4
27. Qe2 Qxe2 28. Nxe2 Ne7 29. Rxa4 Nf5 30. Rda1 Rac8 31. h5 Rc7 32. Bf4 Bc8
33. Kh2 Kh7 34. Kh3 g5 35. hxg6+ Kxg6 36. g4 Ne7 37. Rg1 Kh7 38. Ng3 Ng6
39. Nh5 Rf8 40. Kg3 Nxf4 41. exf4 Rb7 42. Nf6+ Kg6 43. Rh1 Rb5 44. Rc1 Rb8
45. Kh4 Rb5 46. Rg1 Rh8 47. Rc1 Rf8 48. Kg3 Rb8 49. Kg2 Rb5 50. Kf1 Rxf6
51. exf6 Kxf6 52. f3 exf3 53. Re1 a5 54. bxa5 Ba6 55. Kf2 Rxc5 56. Kxf3 Rb5
57. Rh1 Kg6 58. Ra3 d4 59. Ke4 c5 60. Rh5 d3 61. Ke3 Rb2 62. Rxc5 Re2+ 63.
Kf3 d2 64. f5+ Kg7 65. Rc7+ Kf6 66. Rd7 Rh2 67. Kg3 Re2 68. Rc3 Bb7 69.
fxe6 Kxe6 70. Rcd3 Rg2+ 71. Kf4 Rf2+ 72. Ke3 1-0

[Event "9th Amplico Life Rapid"]
[Site "Warsaw POL"]
[Date "2009.12.20"]
[Round "12"]
[White "Sotsky,A"]
[Black "Ruckschloss,K"]
[Result "1/2-1/2"]
[WhiteElo "2410"]
[BlackElo "2249"]
[EventDate "2009.12.19"]

1. d4 f5 2. Bg5 c6 3. c3 g6 4. e3 Bg7 5. Nd2 Nf6 6. f4 O-O 7. Ngf3 d5 8.
Bd3 Nbd7 9. O-O Qc7 10. Ne5 Nxe5 11. fxe5 Ne4 12. Nxe4 fxe4 13. Rxf8+ Bxf8
14. Bc2 h6 15. Bh4 g5 16. Bg3 Bf5 17. Qe2 e6 18. c4 b5 19. cxd5 cxd5 20.
Bb3 a6 21. Rf1 Qd7 22. Qh5 Kg7 23. Rc1 Rc8 24. Rxc8 Qxc8 25. Qd1 Be7 26.
Be1 Qc7 27. h3 Bg6 28. Qd2 h5 29. Kh2 Kh6 30. a4 b4 31. Qe2 Qc1 32. Bf2 h4
33. Qxa6 Qxb2 34. Qxe6 Qxf2 35. Qxe7 1/2-1/2

[Event "9th Amplico Life Rapid"]
[Site "Warsaw POL"]
[Date "2009.12.20"]
[Round "12"]
[White "Andrenko,I"]
[Black "Bobula,M"]
[Result "1/2-1/2"]
[WhiteElo "2154"]
[BlackElo "2397"]
[EventDate "2009.12.19"]

1. e4 e6 2. d3 d5 3. Nd2 c5 4. Ngf3 Nc6 5. g3 g6 6. Bg2 Bg7 7. O-O Nge7 8.
c3 h6 9. h4 O-O 10. Re1 d4 11. cxd4 cxd4 12. e5 Qc7 13. Qe2 b5 14. Ne4 Nd5
15. Nf6+ Nxf6 16. exf6 Bxf6 17. Bxh6 Rd8 18. h5 Ne7 19. Nd2 Bb7 20. Ne4
Bxe4 21. Bxe4 Rac8 22. hxg6 Nxg6 23. Qg4 Bg7 24. Bxg6 Bxh6 25. Bxf7+ Kxf7
26. Qh5+ Ke7 27. Qxh6 Rd6 28. Rac1 Qb8 29. Qg7+ Ke8 30. Rxc8+ Qxc8 31. Qxa7
Qd7 32. Qxd7+ Kxd7 33. Rc1 Ra6 34. a3 Kd6 35. f4 Ra8 36. Kg2 Rh8 37. g4 e5
38. fxe5+ Kxe5 39. Kg3 Kd5 40. g5 Re8 41. Kf4 Re2 42. b4 Rf2+ 43. Kg4 Rd2
44. Rf1 Rxd3 45. g6 Rd2 46. Kf5 Rg2 47. Kf6 d3 48. Kf7 Kc4 49. g7 Kb3 50.
g8=Q Rxg8 51. Kxg8 Kxa3 52. Rd1 Kxb4 53. Rxd3 Kc4 54. Rd7 b4 55. Rc7+ Kd3
56. Rb7 Kc3 57. Kf7 b3 58. Ke6 b2 59. Kd5 Kc2 60. Rc7+ Kd2 61. Rb7 Kc2 62.
Rxb2+ Kxb2 1/2-1/2

[Event "9th Amplico Life Rapid"]
[Site "Warsaw POL"]
[Date "2009.12.20"]
[Round "12"]
[White "Malisauskas,V"]
[Black "Peterson,Er"]
[Result "1-0"]
[WhiteElo "2483"]
[BlackElo "2242"]
[EventDate "2009.12.19"]

1. e4 e6 2. d4 d5 3. Nd2 c5 4. Ngf3 Nc6 5. exd5 exd5 6. Bb5 Bd6 7. dxc5
Bxc5 8. Nb3 Bd6 9. Qd4 Nf6 10. O-O O-O 11. Bxc6 bxc6 12. Bf4 Bf5 13. Bxd6
Qxd6 14. Qe5 Qxe5 15. Nxe5 Bxc2 16. Nd4 Ba4 17. Nexc6 Bxc6 18. Nxc6 Rfe8
19. f3 Re6 20. Nd4 Rb6 21. b3 a5 22. a3 Rbb8 23. Rfc1 Rc8 24. Kf2 Kf8 25.
Ke3 g6 26. Kd3 Ke7 27. Rxc8 Rxc8 28. b4 axb4 29. axb4 Rc7 30. Ra6 Nh5 31.
g3 Ng7 32. b5 Ne6 33. Nxe6 fxe6 34. b6 Rc4 35. Ra7+ Kd6 36. Rxh7 Rb4 37. b7
Rb3+ 38. Kc2 Rb4 39. h4 Ke5 40. Kc3 Rb1 41. Rf7 Rb6 42. g4 Rc6+ 43. Kd3 Rb6
44. h5 gxh5 45. gxh5 d4 46. h6 1-0

[Event "9th Amplico Life Rapid"]
[Site "Warsaw POL"]
[Date "2009.12.20"]
[Round "12"]
[White "Muzychuk,M"]
[Black "Kudzma,L"]
[Result "1-0"]
[WhiteElo "2447"]
[BlackElo "2236"]
[EventDate "2009.12.19"]

1. e4 c5 2. Nf3 Nf6 3. e5 Nd5 4. Nc3 Nxc3 5. dxc3 Nc6 6. Bf4 e6 7. Qd2 h6
8. h4 b6 9. O-O-O Bb7 10. Qe3 Ne7 11. c4 Nf5 12. Qc3 Qc7 13. Rh3 O-O-O 14.
g4 Ne7 15. h5 Bc6 16. Be2 Kb8 17. Qe3 Nc8 18. g5 d5 19. cxd5 Bxd5 20. gxh6
gxh6 21. c4 Bb7 22. Rhh1 Rxd1+ 23. Rxd1 Ne7 24. Bd3 Nc6 25. Rg1 Kc8 26. Nd2
Nd4 27. Ne4 Nf5 28. Qd2 Be7 29. Qc3 Rd8 30. Rd1 Rd4 31. f3 Bc6 32. Bc2 Qd8
33. Rxd4 Qxd4 34. Qxd4 Nxd4 35. Bxh6 Nxf3 36. Bf4 Nh4 37. h6 Bf8 38. h7 Ng6
39. Nd6+ Bxd6 40. Bxg6 1-0

[Event "9th Amplico Life Rapid"]
[Site "Warsaw POL"]
[Date "2009.12.20"]
[Round "12"]
[White "Laurusas,T"]
[Black "Repkova,E"]
[Result "1-0"]
[WhiteElo "2242"]
[BlackElo "2434"]
[EventDate "2009.12.19"]

1. d4 d5 2. c4 e6 3. Nc3 Nf6 4. cxd5 exd5 5. Bg5 c6 6. e3 Qb6 7. Qc2 Ne4 8.
Bf4 Be6 9. Bd3 f5 10. Nge2 Nd7 11. O-O g5 12. Be5 Nxe5 13. dxe5 c5 14. Qa4+
Kf7 15. Nxd5 Bxd5 16. Qd7+ Kg6 17. Qxd5 Rd8 18. Qc4 Nd2 19. Qc2 Nxf1 20.
Bxf5+ Kg7 21. Rxf1 Qa5 22. Qb3 Qb6 23. Qc2 Qa5 24. Ng3 Qd2 25. Qe4 Qd5 26.
Qg4 Be7 27. f4 Qd2 28. Nh5+ Kh6 29. Qh3 g4 30. Bxg4 Rd3 31. Ng3+ Kg7 32.
Nf5+ Kf8 33. Qh6+ Ke8 34. Qg7 Bf8 35. Bh5+ Kd8 36. Qxh8 Kc7 37. Qxf8 Kb6
38. Rd1 Qc2 39. Rxd3 Qxd3 40. Qd6+ 1-0

[Event "9th Amplico Life Rapid"]
[Site "Warsaw POL"]
[Date "2009.12.20"]
[Round "12"]
[White "Stupak,K"]
[Black "Kravtsiv,M"]
[Result "1/2-1/2"]
[WhiteElo "2456"]
[BlackElo "2543"]
[EventDate "2009.12.19"]

1. d4 Nf6 2. g3 e6 3. Bg2 d5 4. Nf3 Be7 5. O-O O-O 6. c4 dxc4 7. Ne5 Nc6 8.
Bxc6 bxc6 9. Nxc6 Qe8 10. Nxe7+ Qxe7 11. Qa4 e5 12. dxe5 Qxe5 13. Qxc4 Be6
14. Qc2 Bf5 15. Qc4 Be6 16. Qc2 Bf5 17. Qc4 Be6 18. Qd3 Rad8 19. Qe3 Qh5
20. f3 Rfe8 21. Qg5 Bc4 22. Qxh5 Nxh5 23. Nc3 Bxe2 24. Rf2 Ba6 25. Bd2 Nf6
26. Bg5 Rd3 27. Bxf6 gxf6 28. Ne4 Kg7 29. Rc1 Re7 30. Nc5 Rd6 31. Rfc2 f5
32. a3 Bc8 33. Kf2 Rh6 34. h4 f4 35. Ne4 fxg3+ 36. Kxg3 Bf5 37. Rxc7 Rxc7
38. Rxc7 Rb6 39. b4 Bxe4 40. fxe4 a5 41. bxa5 Rb3+ 42. Kf4 Rxa3 43. Rc5 Kf6
44. Rc6+ Kg7 45. a6 Ra5 46. Ke3 Ra4 47. h5 f6 48. Rc7+ Kh6 49. a7 Kxh5 50.
Rxh7+ Kg6 51. Rb7 f5 52. e5 f4+ 53. Kd3 Kf5 54. Re7 Ra2 55. Kd4 f3 56. Kd5
Ra5+ 57. Kc6 Rxa7 58. Rxa7 Kxe5 59. Kc5 Ke4 60. Rf7 Ke3 61. Kc4 f2 62. Kc3
Ke2 63. Re7+ Kf3 64. Kd2 f1=Q 65. Rf7+ Kg2 66. Rxf1 Kxf1 1/2-1/2

[Event "9th Amplico Life Rapid"]
[Site "Warsaw POL"]
[Date "2009.12.20"]
[Round "12"]
[White "Chalupnik,M"]
[Black "Muzychuk,A"]
[Result "0-1"]
[WhiteElo "2284"]
[BlackElo "2532"]
[EventDate "2009.12.19"]

1. e4 c5 2. Nf3 Nc6 3. d4 cxd4 4. Nxd4 Nf6 5. Nc3 e5 6. Ndb5 d6 7. Bg5 a6
8. Na3 b5 9. Nd5 Be7 10. Nxe7 Nxe7 11. Bd3 Nd7 12. O-O Nc5 13. c4 b4 14.
Nc2 a5 15. Qd2 f6 16. Be3 Bb7 17. f3 O-O 18. Rfd1 Qc7 19. Bf1 Rad8 20. Bf2
g6 21. Ne3 Nc6 22. Nd5 Qf7 23. Bh4 g5 24. Bf2 h6 25. Ne3 Bc8 26. Qd5 Ne7
27. Qxf7+ Kxf7 28. Rd2 Be6 29. Rad1 Nb7 30. Nc2 Nc8 31. b3 Ke7 32. a3 bxa3
33. Nxa3 Nc5 34. Rxd6 Nxb3 35. Rxd8 Rxd8 36. Rxd8 Kxd8 37. c5 Na7 38. Nb5
Nc6 39. Nd6 a4 40. Nc4 Ncd4 41. Be1 Nc2 42. Bc3 Nxc5 43. Kf2 Kc7 44. Be2
Nd4 45. Na3 Bb3 46. Ke3 Nxe2 47. Kxe2 Kc6 48. Bb4 h5 49. Kd2 Be6 50. Ke3 g4
51. Ke2 gxf3+ 52. gxf3 Bb3 53. Ke3 Bd1 54. f4 Bb3 55. fxe5 fxe5 56. Bc3 Nd7
57. Bb4 Nf6 58. h4 Bd5 59. Bc3 Ng4+ 60. Kf3 Bb3 61. Bb4 Bd1+ 62. Kg3 Nf6
63. Kf2 Nxe4+ 64. Ke3 Nf6 65. Bc3 Nd5+ 66. Kd3 Nxc3 67. Kxc3 Kc5 68. Nc4 e4
69. Nb2 Bb3 0-1

[Event "9th Amplico Life Rapid"]
[Site "Warsaw POL"]
[Date "2009.12.20"]
[Round "12"]
[White "Czarnota,P"]
[Black "Rutkowski,M"]
[Result "1-0"]
[WhiteElo "2528"]
[BlackElo "2405"]
[EventDate "2009.12.19"]

1. e4 c5 2. Nf3 g6 3. c3 Bg7 4. d4 cxd4 5. cxd4 d5 6. e5 Bg4 7. Nbd2 Nc6 8.
h3 Bxf3 9. Nxf3 Nh6 10. Bd3 O-O 11. O-O f6 12. exf6 exf6 13. Qb3 Qd7 14.
Bd2 Nf7 15. Rac1 a6 16. a4 Kh8 17. Rfd1 Rfe8 18. Qa2 f5 19. Bc3 Qd6 20. Qb3
Re7 21. Kh1 Rae8 22. Qb6 Qc7 23. Qc5 Rd7 24. Be1 Bf8 25. Qc2 Qb6 26. Bf1
Bg7 27. Qc3 Nd6 28. b4 Ne4 29. Qb2 Rde7 30. b5 axb5 31. axb5 Nd8 32. Bb4
Re6 33. Kg1 Nf7 34. Qa2 Qd8 35. Rc2 g5 36. Ne5 Nxe5 37. dxe5 Rxe5 38. Qa7
b6 39. Rc7 Qf6 40. Rc6 R5e6 41. Qxb6 g4 42. Rxe6 Qxe6 43. Qxe6 Rxe6 44.
hxg4 fxg4 45. Rxd5 Re8 46. b6 g3 47. fxg3 Be5 48. Rxe5 Rxe5 49. b7 Re8 50.
Bb5 Rd8 51. Bc6 1-0

[Event "9th Amplico Life Rapid"]
[Site "Warsaw POL"]
[Date "2009.12.20"]
[Round "12"]
[White "Maiorov,N1"]
[Black "Deszczynski,A"]
[Result "1-0"]
[WhiteElo "2511"]
[BlackElo "2352"]
[EventDate "2009.12.19"]

1. d4 Nf6 2. c4 g6 3. Nf3 Bg7 4. g3 O-O 5. Bg2 c5 6. d5 d6 7. Nc3 e6 8. O-O
exd5 9. cxd5 Re8 10. Bf4 a6 11. a4 Nbd7 12. h3 Nh5 13. Bg5 Qb6 14. Rb1 h6
15. Bd2 Nhf6 16. Qc1 Kh7 17. e4 Nxe4 18. Nxe4 Rxe4 19. Ng5+ hxg5 20. Bxe4
Nf6 21. Bg2 Bf5 22. Ra1 Ne4 23. Bxe4 Bxe4 24. Bc3 Bxd5 25. Qxg5 Be6 26. h4
Rg8 27. Rfe1 Bh6 28. Qf6 Bg7 29. Qf3 Qb3 30. Ra3 Qc4 31. Bxg7 Rxg7 32. Qxb7
Bd5 33. Qe7 Qb4 34. Rae3 c4 35. Qf6 Be6 36. Qd4 d5 37. b3 a5 38. Rc3 Rg8
39. bxc4 dxc4 40. Kh2 Qxa4 41. Rxe6 fxe6 42. Rxc4 Qb5 43. Rc7+ Kh6 44. Qa7
1-0